000 00606nam a22001817a 4500
003 OSt
008 260627b |||||||| |||| 00| 0 eng d
020 _a9780443158452
082 _a519.5028563
_bN72H
100 _aNisbet, Robert
245 _aHandbook of Statistical Analysis AI and ML Applications/by Robert Nisbet, Keith McCormick and Gary Miner
260 _aLondon :
_bAcademic Press,
_c2025
300 _axxii, 472 p.
650 _aMathematics | Pure Sciences | Mathematical statistics | Quantitative techniques
700 _aMiner, Gary D.
700 _aMcCormick, Keith
942 _2ddc
_cBK
999 _c52388
_d52388